Becoming all things to all people : (Registro nro. 57379)
[ vista simple ]
| 000 -LÍDER | |
|---|---|
| Campo fijo de descripción fija | 01351aab a2200241 i 4500 |
| 001 - NÚMERO DE CONTROL | |
| Campo de control | 768714001 |
| 003 - IDENTIFICADOR DEL NÚMERO DE CONTROL | |
| Campo de control | CO-MdFUSB |
| 005 - FECHA Y HORA DE LA ULTIMA TRANSACCIÓN | |
| control field | 20260305203320.0 |
| 008 - ELEMENTOS DE LONGITUD FIJA -- INFORMACIÓN GENERAL | |
| Campo fijo de descripción fija -- Información general | 240806t1997 -us||||| |||| 00| 0 eng d |
| 040 ## - FUENTE DE CATALOGACIÓN | |
| Idioma de catalogación | spa |
| Agencia que realiza la transcripción | CO-MdFUSB |
| 041 ## - CÓDIGO DE IDIOMA | |
| Código de idioma para texto/pista de sonido o título separado | eng |
| 100 1# - ASIENTO PRINCIPAL--NOMBRE PERSONAL | |
| Nombre personal | Westmeier, Karl Wilhelm |
| Término relacionador | autor |
| 245 10 - TÍTULO | |
| Título | Becoming all things to all people : |
| Subtitulo | early moravian missions to native north americans |
| Mención de responsabilidad | / Karl Wilhelm Westmeier |
| 520 ## - NOTA DE RESUMEN, ETC. | |
| Nota de sumario, etc. | Narra los acontecimientos del otoño de 1974, cuando el gobernador de Nueva York, George Clinton, envió a la Junta de Comercio de Londres, la Ley de la Asamblea de Nueva York del 21 de septiembre de 1744. La ley cerró oficialmente la Misión Morava ante los Mahicans en Shekomeko, lo que obligó a los misioneros moravos a partir. El conde Nikolaus von Zinzendorf, como patrocinador de la iglesia morava, protestó, acusando al clero presbiteriano y a sus seguidores de participar en la persecución de los misioneros moravos. |
| 546 ## - NOTA DE IDIOMA | |
| Nota de idioma | Texto en inglés. |
| 650 #0 - ASIENTO SECUNDARIO DE MATERIA - TERMINO TEMÁTICO | |
| Término temático o nombre geográfico como elemento de entrada | Misiones |
| 9 (RLIN) | 154 |
| 650 #7 - ASIENTO SECUNDARIO DE MATERIA - TERMINO TEMÁTICO | |
| Término temático o nombre geográfico como elemento de entrada | Religión y política |
| 9 (RLIN) | 286 |
| 650 #7 - ASIENTO SECUNDARIO DE MATERIA - TERMINO TEMÁTICO | |
| Término temático o nombre geográfico como elemento de entrada | Cristianismo y cultura |
| Subdivisión de forma | Historia |
| 9 (RLIN) | 6963 |
| 650 #0 - ASIENTO SECUNDARIO DE MATERIA - TERMINO TEMÁTICO | |
| Término temático o nombre geográfico como elemento de entrada | Evangelización |
| 9 (RLIN) | 362 |
| 773 0# - ASIENTO DE ITEM FUENTE | |
| Título | International Bulletin |
| Biblionumber | 49483 |
| Itemnumber | 61008 |
| Parte(s) relacionada(s) / Volumen., número. (mes año), páginas | Volumen 21, (número 4, 1997), páginas: 172 - 176 |
| Enumeración y primera página | 172-176 |
| 942 ## - TIPO DE MATERIAL (KOHA) | |
| Tipo de Item KOHA | Artículos de Revista |
| 945 ## - INFORMACIÓN LOCAL DEL REGISTRO | |
| Catalogador | Catherine Arias Álvarez - Practicante SENA |
No hay ítems disponibles.
